000 00634nam a22002177a 4500
005 20240130152611.0
010 _aENG-139092
020 _a9789354095801
035 _aEN-122624
035 _aB-513991-996
037 _bDBAD/PUB
037 _bBSB/Ven
_adpl
082 0 4 _a333.954
_21st
100 1 _d2023
_961455
245 1 0 _aThe Story Of India's Cheetahs
_cDivyabhanusinh
250 _a1st
260 _aMumbai
_bJyotsna Nambiar
_c2023
270 _aMarg Foundation at Army & Navy Building (3rd Floor) 148, M.G. Road, Mumbai-400001
300 _a322 p.
_c29cm(Hb)
942 _2ddc
_cEN
_h333.954
_mDIV
_e1st
999 _c200459
_d200459